Normal view MARC view

Entry Personal Name

Number of records used in: 2

001 - CONTROL NUMBER

  • control field: 75625

003 - CONTROL NUMBER IDENTIFIER

  • control field: dpl

005 - DATE AND TIME OF LATEST TRANSACTION

  • control field: 20241224123844.0

008 - FIXED-LENGTH DATA ELEMENTS

  • fixed length control field: 241224|| aca||aabn | a|a d

040 ## - CATALOGING SOURCE

  • Original cataloging agency: dpl
  • Transcribing agency: dpl

100 ## - HEADING--PERSONAL NAME

  • Personal name: Awaf, Abdul-Karim Mohammed

670 ## - SOURCE DATA FOUND

  • Source citation: Work cat.: (dpl)207934: Awaf, Abdul-Karim Mohammed, Rising from the Ashes:, 2024

© Delhi Public Library
Hit Counter
free hit counter